[Event "Borisoglebsk Bocharov Memorial"]
[Site "Borisoglebsk"]
[Date "2011.04.03"]
[Round "?"]
[White "Tkachuk, Sergey Anatolyevich"]
[Black "Sigitov, Vasily"]
[Result "1-0"]
[WhiteElo "2151"]
[BlackElo "2291"]
[PlyCount "33"]
[EventDate "2011.03.31"]
[EventType "swiss"]
[EventRounds "9"]
[EventCountry "RUS"]
[SourceTitle "CBM 141 Extra"]
[Source "ChessBase"]
[SourceDate "2011.05.03"]
[SourceVersion "1"]
[SourceVersionDate "2011.05.03"]
[SourceQuality "1"]

1. c4 c5 2. Nc3 Nf6 3. g3 e6 4. e4 d6 5. Bg2 Be7 6. f4 Nbd7 7. Nge2 a6 8. 0-0 Qc7 9. d3 Rb8 10. h3 b5 11. b3 0-0 12. g4 g6 13. Ng3 Ne8 14. g5 f5 15. exf5 b4 16. fxe6 Ndf6 17. gxf6 1-0

[Event "Lysenko Memorial op"]
[Site "Liski"]
[Date "2010.04.26"]
[Round "4"]
[White "Tkachuk, Sergey Anatolyevich"]
[Black "Fadin, Evgeny"]
[Result "0-1"]
[WhiteElo "2153"]
[BlackElo "2143"]
[PlyCount "86"]
[EventDate "2010.04.24"]
[EventType "swiss"]
[EventRounds "7"]
[EventCountry "RUS"]
[SourceTitle "EXT 2022"]
[Source "ChessBase"]
[SourceDate "2021.10.06"]
[SourceVersion "1"]
[SourceVersionDate "2021.10.06"]
[SourceQuality "1"]

1. c4 Nf6 2. Nc3 g6 3. e4 d6 4. d4 Bg7 5. f3 0-0 6. Be3 Nc6 7. Qd2 e5 8. d5 Nd4 9. Nge2 Nxe2 10. Bxe2 Nh5 11. 0-0-0 f5 12. Kb1 f4 13. Bf2 a6 14. c5 Bd7 15. Rc1 Kh8 16. a3 Rf7 17. Na2 Bf6 18. Qb4 Bc8 19. cxd6 cxd6 20. Bb6 Qf8 21. Rc2 Bd8 22. Rhc1 Bxb6 23. Qxb6 Nf6 24. b4 Nd7 25. Qf2 Qd8 26. a4 a5 27. Bb5 axb4 28. Nxb4 Nc5 29. Rxc5 dxc5 30. Qxc5 Bd7 31. Qc7 Qe8 32. Qb6 Bxb5 33. axb5 Rc8 34. Nd3 Rxc1+ 35. Kxc1 Qc8+ 36. Kd2 Qc4 37. Qc5 Qa2+ 38. Qc2 Qa7 39. Qc3 Qa2+ 40. Kc1 Qxg2 41. Nxe5 Qf1+ 42. Kd2 Qf2+ 43. Kd1 Rg7 0-1

[Event "Lysenko Memorial op"]
[Site "Liski"]
[Date "2008.04.08"]
[Round "8"]
[White "Kornilov, Peter"]
[Black "Tkachuk, Sergey Anatolyevich"]
[Result "1-0"]
[WhiteElo "2049"]
[BlackElo "2161"]
[PlyCount "105"]
[EventDate "2008.04.04"]
[EventType "swiss"]
[EventRounds "9"]
[EventCountry "RUS"]
[SourceTitle "EXT 2022"]
[Source "ChessBase"]
[SourceDate "2021.10.06"]
[SourceVersion "1"]
[SourceVersionDate "2021.10.06"]
[SourceQuality "1"]

1. Nf3 d5 2. g3 c5 3. Bg2 Nc6 4. d4 Bf5 5. c3 e6 6. 0-0 Qb6 7. dxc5 Bxc5 8. b4 Bd6 9. a3 Qc7 10. Bb2 Nf6 11. Nbd2 Ne5 12. Nd4 Bg6 13. Nb5 Qd7 14. Nxd6+ Qxd6 15. Qa4+ Qd7 16. Qxd7+ Kxd7 17. c4 Nc6 18. Bxf6 gxf6 19. cxd5 Nd4 20. dxe6+ fxe6 21. e3 Ne2+ 22. Kh1 Rad8 23. Ne4 Bxe4 24. Bxe4 b6 25. Bf3 Nc3 26. Rac1 Rc8 27. Rc2 Nb5 28. Rd2+ Ke7 29. a4 Nd6 30. Rfd1 Rhd8 31. Kg2 Rc3 32. Rd4 Ra3 33. Bc6 Rc3 34. b5 Rc4 35. g4 a5 36. Rxc4 Nxc4 37. Rxd8 Kxd8 38. Be4 h6 39. Bd3 Ne5 40. Be2 Ke7 41. f4 Nd7 42. Bd3 e5 43. Kf3 Nc5 44. Bc2 e4+ 45. Ke2 f5 46. h3 Ke6 47. Kd2 h5 48. gxh5 Nd7 49. Kc3 Nf6 50. Bd1 Kd6 51. Kd4 Ng8 52. Bb3 Nh6 53. Bd5 1-0

[Event "Lysenko Memorial op"]
[Site "Liski"]
[Date "2008.04.08"]
[Round "7"]
[White "Tkachuk, Sergey Anatolyevich"]
[Black "Matveenko, Yury"]
[Result "1/2-1/2"]
[WhiteElo "2161"]
[BlackElo "2148"]
[PlyCount "78"]
[EventDate "2008.04.04"]
[EventType "swiss"]
[EventRounds "9"]
[EventCountry "RUS"]
[SourceTitle "EXT 2022"]
[Source "ChessBase"]
[SourceDate "2021.10.06"]
[SourceVersion "1"]
[SourceVersionDate "2021.10.06"]
[SourceQuality "1"]

1. c4 e5 2. Nc3 d6 3. Nf3 f5 4. d4 e4 5. Bg5 Qd7 6. Ng1 Qf7 7. d5 Nd7 8. f4 Nc5 9. b4 Na6 10. e3 Ne7 11. Nge2 Ng6 12. h4 h6 13. h5 hxg5 14. hxg6 Qg8 15. Rxh8 Qxh8 16. fxg5 Qh4+ 17. Kd2 Bd7 18. a3 Be7 19. Nf4 Bxg5 20. Qh5 Ke7 21. Qxh4 Bxh4 22. g4 Bf6 23. gxf5 Bxf5 24. Bg2 Rh8 25. Rh1 Rxh1 26. Bxh1 Bxc3+ 27. Kxc3 Kf6 28. Kd4 Bxg6 29. Nxg6 Kxg6 30. Bxe4+ Kf6 31. Bg2 Nb8 32. Bh3 Ke7 33. e4 Nd7 34. Bxd7 Kxd7 35. e5 dxe5+ 36. Kxe5 Ke7 37. c5 b5 38. Kf5 Kf7 39. Ke5 Ke7 1/2-1/2

[Event "Lysenko Memorial op"]
[Site "Liski"]
[Date "2008.04.07"]
[Round "6"]
[White "Marchukov, Dmitry"]
[Black "Tkachuk, Sergey Anatolyevich"]
[Result "1-0"]
[WhiteElo "2129"]
[BlackElo "2161"]
[PlyCount "88"]
[EventDate "2008.04.04"]
[EventType "swiss"]
[EventRounds "9"]
[EventCountry "RUS"]
[SourceTitle "EXT 2022"]
[Source "ChessBase"]
[SourceDate "2021.10.06"]
[SourceVersion "1"]
[SourceVersionDate "2021.10.06"]
[SourceQuality "1"]

1. d4 d6 2. Nf3 g6 3. g3 Bg7 4. Bg2 c6 5. c4 e5 6. dxe5 dxe5 7. Qxd8+ Kxd8 8. e4 f6 9. Nc3 Bh6 10. 0-0 Be6 11. b3 Bxc1 12. Rd1+ Nd7 13. Raxc1 Kc7 14. Rd2 Nh6 15. Ne1 Rhd8 16. Rcd1 Nc5 17. Nd3 Nxd3 18. Rxd3 Rxd3 19. Rxd3 b6 20. Kf1 Nf7 21. Ke2 Rd8 22. Rxd8 Nxd8 23. Ke3 Kd6 24. Bf1 Bd7 25. Bd3 Ne6 26. Ne2 a5 27. h4 g5 28. a3 c5 29. Nc3 gxh4 30. gxh4 Nf4 31. Bf1 h6 32. Nd5 Nxd5+ 33. exd5 a4 34. bxa4 Bxa4 35. Bd3 Bb3 36. Ke4 b5 37. cxb5 c4 38. Bb1 f5+ 39. Kxf5 c3 40. b6 Bxd5 41. Bc2 e4 42. Kg6 Kc5 43. Kxh6 Kxb6 44. Kg7 Kc5 1-0

[Event "Gelsenkirchen Horst op"]
[Site "Gelsenkirchen"]
[Date "2006.08.27"]
[Round "4"]
[White "Tkachuk, Sergey Anatolyevich"]
[Black "Kartsev, Soel"]
[Result "0-1"]
[WhiteElo "2164"]
[BlackElo "2208"]
[PlyCount "120"]
[EventDate "2006.08.25"]
[EventType "swiss"]
[EventRounds "5"]
[EventCountry "GER"]
[SourceTitle "CBM 113 Extra"]
[Source "ChessBase"]
[SourceDate "2006.09.14"]
[SourceVersion "1"]
[SourceVersionDate "2006.09.14"]
[SourceQuality "1"]

1. e4 d5 2. exd5 Nf6 3. d4 Nxd5 4. c4 Nb6 5. Nc3 e5 6. dxe5 Qxd1+ 7. Nxd1 Nc6 8. Nf3 Be6 9. Ne3 Bb4+ 10. Bd2 Bxd2+ 11. Kxd2 0-0-0+ 12. Kc2 Nd4+ 13. Nxd4 Rxd4 14. Rd1 Rxd1 15. Kxd1 Rd8+ 16. Kc2 Rd4 17. Be2 Nd7 18. Kc3 c5 19. Rd1 Rh4 20. h3 Nxe5 21. b3 g5 22. f3 b6 23. a3 Nc6 24. Bd3 Nd4 25. Nc2 h5 26. Nxd4 Rxd4 27. Be2 Rf4 28. Kd3 h4 29. Ke3 Kc7 30. b4 a5 31. bxa5 bxa5 32. Rd2 f6 33. Bd3 Rd4 34. Be2 Rxd2 35. Kxd2 Kd6 36. Kd3 Ke5 37. Ke3 Bf7 38. Bf1 Be8 39. Bd3 Bf7 40. Bf1 f5 41. Be2 Bh5 42. Bf1 Be8 43. Be2 Bc6 44. Bf1 Ba4 45. Be2 Bc2 46. Kd2 Bb3 47. Ke3 Ba2 48. Bf1 Bb3 49. Be2 Ba4 50. Bf1 Bd7 51. Be2 Be8 52. Bf1 Bg6 53. Bd3 Bh7 54. Ke2 Kd4 55. Kd2 Bg6 56. Ke2 Kc3 57. f4 Bh5+ 58. Ke3 gxf4+ 59. Kxf4 Kxd3 60. Kxf5 Kxc4 0-1

[Event "Gelsenkirchen Horst op"]
[Site "Gelsenkirchen"]
[Date "2006.08.26"]
[Round "3"]
[White "Kolkin, Michail"]
[Black "Tkachuk, Sergey Anatolyevich"]
[Result "1/2-1/2"]
[WhiteElo "2112"]
[BlackElo "2164"]
[PlyCount "32"]
[EventDate "2006.08.25"]
[EventType "swiss"]
[EventRounds "5"]
[EventCountry "GER"]
[SourceTitle "CBM 113 Extra"]
[Source "ChessBase"]
[SourceDate "2006.09.14"]
[SourceVersion "1"]
[SourceVersionDate "2006.09.14"]
[SourceQuality "1"]

1. c4 c5 2. Nc3 Nc6 3. g3 g6 4. Bg2 Bg7 5. Nh3 Nh6 6. 0-0 0-0 7. a3 a5 8. Nf4 Nf5 9. e3 e6 10. Nb5 d6 11. Rb1 h5 12. b3 Na7 13. Nc3 Nc6 14. Nb5 Na7 15. Nc3 Nc6 16. Nb5 Na7 1/2-1/2

[Event "Voronezh op-B"]
[Site "Voronezh"]
[Date "2006.06.19"]
[Round "8"]
[White "Tsybulnik, Andrei"]
[Black "Tkachuk, Sergey Anatolyevich"]
[Result "1-0"]
[WhiteElo "2239"]
[BlackElo "2161"]
[PlyCount "78"]
[EventDate "2006.06.12"]
[EventType "swiss"]
[EventRounds "9"]
[EventCountry "RUS"]
[SourceTitle "EXT 2007"]
[Source "ChessBase"]
[SourceDate "2006.11.23"]
[SourceVersion "1"]
[SourceVersionDate "2006.11.23"]
[SourceQuality "1"]

1. d4 Nf6 2. c4 g6 3. Nf3 Bg7 4. g3 d6 5. Bg2 0-0 6. 0-0 Nbd7 7. Nc3 e5 8. e4 Re8 9. Re1 c6 10. h3 Qc7 11. Be3 a6 12. Rc1 b6 13. b4 Qb8 14. Qc2 Bf8 15. Red1 exd4 16. Bxd4 Bb7 17. Nd2 Bg7 18. a3 Qc7 19. Be3 Rad8 20. f4 Nf8 21. Bf2 N6d7 22. Nb3 Ne6 23. Kh2 h5 24. Nd4 Bxd4 25. Bxd4 h4 26. Bf2 Nf6 27. f5 gxf5 28. exf5 Ng7 29. g4 d5+ 30. Kg1 dxc4 31. Bxh4 Rxd1+ 32. Rxd1 Qe5 33. Bf2 Nd5 34. Nxd5 cxd5 35. Bxb6 Qg3 36. Bd4 Qxa3 37. Qd2 Kh7 38. Qg5 f6 39. Qxf6 Kg8 1-0

[Event "Dortmund op"]
[Site "Dortmund"]
[Date "2006.03.16"]
[Round "6.4"]
[White "Tkachuk, Sergey Anatolyevich"]
[Black "Zimmermann, Dirk"]
[Result "1-0"]
[WhiteElo "2068"]
[BlackElo "2006"]
[PlyCount "43"]
[EventDate "2006.03.06"]
[EventType "swiss"]
[EventRounds "9"]
[EventCountry "GER"]
[SourceTitle "CBM 111 Extra"]
[Source "ChessBase"]
[SourceDate "2006.05.09"]
[SourceVersion "1"]
[SourceVersionDate "2006.05.09"]
[SourceQuality "1"]

1. e4 e5 2. Nf3 Nc6 3. Bc4 Nf6 4. d4 exd4 5. e5 d5 6. Bb5 Ne4 7. Nxd4 Bd7 8. Bxc6 bxc6 9. 0-0 Be7 10. f3 Nc5 11. f4 g6 12. f5 gxf5 13. Qh5 Qc8 14. Nc3 Ne4 15. Nxe4 dxe4 16. Be3 Bc5 17. Nxf5 Bxe3+ 18. Nxe3 Be6 19. Rad1 Rf8 20. Qxh7 Bg4 21. Qxe4 Bxd1 22. Qxc6+ 1-0

[Event "Essen op 20th"]
[Site "Essen"]
[Date "2005.05.05"]
[Round "3"]
[White "Jungbluth, Michael"]
[Black "Tkachuk, Sergey Anatolyevich"]
[Result "1/2-1/2"]
[WhiteElo "2028"]
[BlackElo "2181"]
[PlyCount "56"]
[EventDate "2005.05.04"]
[EventType "swiss"]
[EventRounds "7"]
[EventCountry "GER"]
[SourceTitle "CBM 106 Extra"]
[Source "ChessBase"]
[SourceDate "2005.07.01"]
[SourceVersion "1"]
[SourceVersionDate "2005.07.01"]
[SourceQuality "1"]

1. d4 Nf6 2. Nf3 g6 3. c4 Bg7 4. Nc3 d6 5. e4 0-0 6. Be2 e5 7. 0-0 Nc6 8. d5 Ne7 9. Ne1 Ne8 10. Be3 f5 11. f3 f4 12. Bf2 g5 13. c5 Rf7 14. Nb5 a6 15. Na7 Rxa7 16. cxd6 Ra8 17. dxe7 Qxe7 18. Nd3 Bf6 19. Nc5 Nd6 20. Qb3 h5 21. Ne6 g4 22. Bc5 Bxe6 23. dxe6 Rg7 24. Rad1 Kh7 25. Rd2 Re8 26. Rfd1 Qxe6 27. Qxe6 Rxe6 28. Bxd6 Rxd6 1/2-1/2

[Event "Dortmund-ch"]
[Site "Dortmund"]
[Date "2005.03.08"]
[Round "5"]
[White "Tkachuk, Sergey Anatolyevich"]
[Black "Zeldin, Vitali"]
[Result "1/2-1/2"]
[WhiteElo "2128"]
[BlackElo "1918"]
[PlyCount "82"]
[EventDate "2005.02.28"]
[EventType "swiss"]
[EventRounds "9"]
[EventCountry "GER"]
[SourceTitle "CBM 105 Extra"]
[Source "ChessBase"]
[SourceDate "2005.05.01"]
[SourceVersion "1"]
[SourceVersionDate "2005.05.01"]
[SourceQuality "1"]

1. e4 e6 2. d4 d5 3. Nd2 dxe4 4. Nxe4 Nf6 5. Bd3 Be7 6. Nf3 0-0 7. 0-0 Nbd7 8. Qe2 b6 9. c3 Bb7 10. Bf4 a5 11. Rad1 a4 12. a3 Nxe4 13. Bxe4 Bxe4 14. Qxe4 Nf6 15. Qc6 Nd5 16. Bg3 Bd6 17. c4 Ne7 18. Qe4 Bxg3 19. hxg3 Re8 20. Ng5 Nf5 21. Nf3 Ne7 22. Rfe1 Ra5 23. Rd2 Qa8 24. d5 Ng6 25. Nd4 Kf8 26. Nb5 Re7 27. d6 cxd6 28. Rxd6 Qxe4 29. Rxe4 Rb7 30. f4 Ra8 31. Kf2 h5 32. Red4 Re8 33. Rd8 Rxd8 34. Rxd8+ Ke7 35. Ra8 Rd7 36. Ke3 h4 37. g4 e5 38. fxe5 Nxe5 39. Rxa4 Nxg4+ 40. Ke2 f5 41. Nc3 Nf6 1/2-1/2

[Event "Ruhrgebiet VK2 0405"]
[Site "Ruhrgebiet"]
[Date "2005.02.20"]
[Round "7.1"]
[White "Tkachuk, Sergey Anatolyevich"]
[Black "Tschendel, Roland"]
[Result "1/2-1/2"]
[WhiteElo "2118"]
[BlackElo "1997"]
[PlyCount "83"]
[EventDate "2004.09.12"]
[EventType "team"]
[EventRounds "9"]
[EventCountry "GER"]
[SourceTitle "EXT 2006"]
[Source "ChessBase"]
[SourceDate "2005.11.24"]
[SourceVersion "1"]
[SourceVersionDate "2005.11.24"]
[SourceQuality "1"]
[WhiteTeam "Berghofen Wambel II"]
[BlackTeam "Rochade Steele/Kray"]
[WhiteTeamCountry "GER"]
[BlackTeamCountry "GER"]

1. e4 c5 2. Nf3 d6 3. d4 cxd4 4. Nxd4 Nf6 5. Nc3 a6 6. Bc4 e6 7. Bb3 b5 8. f3 Be7 9. Be3 0-0 10. Qd2 Bb7 11. g4 Nc6 12. g5 Nd7 13. h4 Nde5 14. Qg2 Na5 15. Rd1 Nec4 16. Bc1 d5 17. exd5 exd5 18. 0-0 Qb6 19. Nce2 Bc5 20. c3 b4 21. Bc2 bxc3 22. bxc3 Rfe8 23. f4 Ne3 24. Bxe3 Rxe3 25. Rf3 Nc4 26. Qf2 Rae8 27. Rxe3 Nxe3 28. Rb1 Qc7 29. Bd3 Bc8 30. f5 Ng4 31. Qf4 Qxf4 32. Nxf4 Ne5 33. Be2 Nc6 34. Kf1 Bxd4 35. cxd4 Nxd4 36. Rb8 Nxe2 37. Nxe2 Kf8 38. Nd4 g6 39. Rb6 gxf5 40. Rd6 Bb7 41. Nxf5 Bc8 42. Rxd5 1/2-1/2

[Event "Unna op"]
[Site "Unna"]
[Date "2004.12.30"]
[Round "7"]
[White "Tkachuk, Sergey Anatolyevich"]
[Black "Zeldin, Vitali"]
[Result "0-1"]
[WhiteElo "2181"]
[BlackElo "1887"]
[PlyCount "56"]
[EventDate "2004.12.27"]
[EventType "swiss"]
[EventRounds "7"]
[EventCountry "GER"]
[SourceTitle "CBM 104 Extra"]
[Source "ChessBase"]
[SourceDate "2005.03.01"]
[SourceVersion "1"]
[SourceVersionDate "2005.03.01"]
[SourceQuality "1"]

1. e4 c5 2. Bc4 e6 3. Nc3 Ne7 4. d4 cxd4 5. Qxd4 Nbc6 6. Qd1 a6 7. a4 Ng6 8. Nge2 Bc5 9. 0-0 0-0 10. Nf4 d6 11. Nxg6 hxg6 12. Bf4 g5 13. Bg3 g6 14. Re1 Kg7 15. e5 d5 16. Bd3 Bd7 17. Qg4 Rc8 18. Nd1 Nd4 19. h4 Nf5 20. hxg5 Rh8 21. Ne3 Nxg3 22. Qxg3 Rh5 23. f4 Qb6 24. b3 Qb4 25. Re2 Rch8 26. Rf1 Rh4 27. Qf3 Bc6 28. Qg3 b5 0-1

[Event "Unna op"]
[Site "Unna"]
[Date "2004.12.29"]
[Round "6"]
[White "Dargel, Manuel"]
[Black "Tkachuk, Sergey Anatolyevich"]
[Result "1/2-1/2"]
[WhiteElo "2072"]
[BlackElo "2181"]
[PlyCount "40"]
[EventDate "2004.12.27"]
[EventType "swiss"]
[EventRounds "7"]
[EventCountry "GER"]
[SourceTitle "CBM 104 Extra"]
[Source "ChessBase"]
[SourceDate "2005.03.01"]
[SourceVersion "1"]
[SourceVersionDate "2005.03.01"]
[SourceQuality "1"]

1. c4 Nf6 2. Nc3 g6 3. g3 Bg7 4. Bg2 0-0 5. e4 d6 6. Nge2 c6 7. d4 Nbd7 8. 0-0 Rb8 9. a4 e5 10. d5 Qe7 11. Be3 a5 12. Bh3 c5 13. Qc2 Nh5 14. Bg4 Ndf6 15. Bxc8 Rbxc8 16. f3 Nd7 17. g4 Nhf6 18. Ng3 Nb8 19. Nb5 Na6 20. Qd2 Nb4 1/2-1/2

[Event "Unna op"]
[Site "Unna"]
[Date "2004.12.29"]
[Round "5"]
[White "Henrichs, Thomas"]
[Black "Tkachuk, Sergey Anatolyevich"]
[Result "1-0"]
[WhiteElo "2397"]
[BlackElo "2181"]
[PlyCount "69"]
[EventDate "2004.12.27"]
[EventType "swiss"]
[EventRounds "7"]
[EventCountry "GER"]
[SourceTitle "CBM 104 Extra"]
[Source "ChessBase"]
[SourceDate "2005.03.01"]
[SourceVersion "1"]
[SourceVersionDate "2005.03.01"]
[SourceQuality "1"]

1. c4 Nf6 2. Nc3 g6 3. g3 Bg7 4. Bg2 c5 5. e3 0-0 6. Nge2 d6 7. 0-0 Nc6 8. a3 Bf5 9. e4 Bd7 10. h3 a6 11. Rb1 Qa5 12. d3 Rab8 13. Bd2 Qc7 14. b4 Nd4 15. Bg5 Nxe2+ 16. Qxe2 e6 17. Rfc1 h6 18. Be3 b6 19. a4 Kh7 20. f4 Ng8 21. Qf2 Bxc3 22. Rxc3 e5 23. fxe5 dxe5 24. bxc5 b5 25. axb5 axb5 26. Rcb3 b4 27. d4 Ba4 28. Rxb4 Rxb4 29. Rxb4 exd4 30. Bxd4 Bc6 31. Rb6 f6 32. e5 Bxg2 33. Qxg2 Qd8 34. Rd6 Qb8 35. Rd7+ 1-0

[Event "Ruhrgebiet VK2 0405"]
[Site "Ruhrgebiet"]
[Date "2004.11.28"]
[Round "4.1"]
[White "Crede, Dietmar"]
[Black "Tkachuk, Sergey Anatolyevich"]
[Result "1-0"]
[WhiteElo "2056"]
[BlackElo "2118"]
[PlyCount "115"]
[EventDate "2004.09.12"]
[EventType "team"]
[EventRounds "9"]
[EventCountry "GER"]
[SourceTitle "EXT 2006"]
[Source "ChessBase"]
[SourceDate "2005.11.24"]
[SourceVersion "1"]
[SourceVersionDate "2005.11.24"]
[SourceQuality "1"]
[WhiteTeam "Witten"]
[BlackTeam "Berghofen Wambel II"]
[WhiteTeamCountry "GER"]
[BlackTeamCountry "GER"]

1. d4 Nf6 2. c4 g6 3. Nc3 Bg7 4. e4 d6 5. Nf3 0-0 6. Be2 e5 7. 0-0 Nc6 8. d5 Ne7 9. b4 Ne8 10. c5 f5 11. cxd6 cxd6 12. Nd2 f4 13. Nc4 Rf7 14. Ba3 g5 15. g4 f3 16. Bxf3 Ng6 17. Ne3 Nf4 18. Nf5 Bxf5 19. exf5 e4 20. Nxe4 Bxa1 21. Qxa1 h6 22. Qd4 Qb6 23. Qd2 Qb5 24. Bb2 Qd3 25. Qe3 Qxe3 26. fxe3 Nd3 27. Bc3 Ne5 28. Be2 Rc7 29. Bd4 Nf7 30. Bd3 Kf8 31. Kg2 b6 32. Bb5 Rc2+ 33. Rf2 Rxf2+ 34. Kxf2 Ke7 35. Bc6 Rc8 36. a4 Ne5 37. Bxe5 dxe5 38. Bxe8 Rc2+ 39. Kf3 Kxe8 40. h3 Rb2 41. Nd6+ Kd7 42. Nc4 Rxb4 43. Nxe5+ Kd6 44. f6 Rb1 45. Ke4 Rf1 46. Nc4+ Kd7 47. Ke5 Rc1 48. Nd6 a6 49. e4 Rc2 50. Nf5 b5 51. axb5 a5 52. f7 Rc8 53. Kf6 a4 54. e5 a3 55. b6 Rh8 56. e6+ Kc8 57. e7 a2 58. e8Q+ 1-0

[Event "Ruhrgebiet VK2 0405"]
[Site "Ruhrgebiet"]
[Date "2004.09.12"]
[Round "1.1"]
[White "Banik, Thorsten"]
[Black "Tkachuk, Sergey Anatolyevich"]
[Result "1-0"]
[WhiteElo "2037"]
[BlackElo "2118"]
[PlyCount "77"]
[EventDate "2004.09.12"]
[EventType "team"]
[EventRounds "9"]
[EventCountry "GER"]
[SourceTitle "EXT 2006"]
[Source "ChessBase"]
[SourceDate "2005.11.24"]
[SourceVersion "1"]
[SourceVersionDate "2005.11.24"]
[SourceQuality "1"]
[WhiteTeam "Ickern"]
[BlackTeam "Berghofen Wambel II"]
[WhiteTeamCountry "GER"]
[BlackTeamCountry "GER"]

1. d4 Nf6 2. Bg5 g6 3. Bxf6 exf6 4. c4 Bg7 5. Nc3 f5 6. e3 0-0 7. g3 d6 8. Nge2 Nd7 9. Bg2 Nf6 10. b4 Re8 11. 0-0 c6 12. Qd3 Qe7 13. a4 Ne4 14. b5 h5 15. h4 Bh6 16. a5 a6 17. bxc6 bxc6 18. Na4 Ra7 19. Nb6 g5 20. Nxc8 Rxc8 21. hxg5 Bxg5 22. Nc3 Re8 23. Nxe4 fxe4 24. Qe2 f5 25. Qxh5 Kg7 26. Rfb1 Rh8 27. Qd1 Qf7 28. Rb6 Rc7 29. Qa4 f4 30. exf4 Bxf4 31. gxf4 Qxf4 32. Qa3 Kf7 33. Rab1 Qh2+ 34. Kf1 Rg8 35. Qh3 Qf4 36. Qh7+ Rg7 37. Qxe4 Qd2 38. Qf5+ Ke7 39. Re1+ 1-0

[Event "Ruhrhalbinsel op 19th"]
[Site "Essen"]
[Date "2004.05.20"]
[Round "3"]
[White "Thiel, Kuno"]
[Black "Tkachuk, Sergey Anatolyevich"]
[Result "1-0"]
[WhiteElo "2172"]
[BlackElo "2158"]
[PlyCount "77"]
[EventDate "2004.05.??"]
[EventType "swiss"]
[EventRounds "7"]
[EventCountry "GER"]
[SourceTitle "CBM 100 Extra"]
[Source "ChessBase"]
[SourceDate "2004.07.06"]
[SourceVersion "2"]
[SourceVersionDate "2004.07.06"]
[SourceQuality "1"]

1. Nf3 g6 2. d4 Nf6 3. g3 Bg7 4. Bg2 0-0 5. c4 d6 6. 0-0 c6 7. Nc3 Nbd7 8. Qc2 Qc7 9. Rd1 a6 10. e4 Re8 11. b3 e5 12. Bb2 Rb8 13. c5 dxc5 14. dxe5 Nxe5 15. Nxe5 Rxe5 16. Na4 Re8 17. Nxc5 Nd7 18. Bxg7 Kxg7 19. Qc3+ Kg8 20. Nd3 Nf8 21. f4 Qe7 22. Rf1 Bg4 23. Rae1 Rbd8 24. Nf2 Bc8 25. e5 Qa3 26. Ne4 Nd7 27. Bh3 Qxa2 28. Bxd7 Rxd7 29. Nf6+ Kf8 30. Rf2 Qa3 31. Nxh7+ Kg8 32. Nf6+ Kf8 33. Nxe8 Kxe8 34. e6 Rd5 35. Qh8+ Qf8 36. exf7+ Kxf7 37. Qh7+ Kf6 38. g4 Bxg4 39. Qh4+ 1-0

[Event "Unna op"]
[Site "Unna"]
[Date "2003.12.29"]
[Round "6"]
[White "Tkachuk, Sergey Anatolyevich"]
[Black "Spiekermann, Stefan"]
[Result "1/2-1/2"]
[WhiteElo "2153"]
[BlackElo "1989"]
[PlyCount "85"]
[EventDate "2003.12.27"]
[EventType "swiss"]
[EventRounds "7"]
[EventCountry "GER"]
[SourceTitle "CBM 097 Extra"]
[Source "ChessBase"]
[SourceDate "2004.01.13"]
[SourceVersion "1"]
[SourceVersionDate "2004.01.13"]
[SourceQuality "1"]

1. e4 c5 2. Nf3 e6 3. d4 cxd4 4. Nxd4 Nf6 5. Bd3 a6 6. Qe2 d6 7. c4 g6 8. Nc3 Bg7 9. Be3 b6 10. Rd1 Qc7 11. 0-0 0-0 12. f3 Bb7 13. Nb3 Nbd7 14. Qf2 Nc5 15. Nxc5 dxc5 16. Qh4 Nh5 17. Be2 Rad8 18. f4 Bd4 19. Rd3 Bf6 20. Qf2 Rxd3 21. Bxd3 Bd4 22. Bxd4 cxd4 23. Ne2 Rd8 24. e5 Ng7 25. b3 Nf5 26. Bxf5 d3 27. Bg4 dxe2 28. Qxe2 h5 29. Bf3 Bxf3 30. Rxf3 Qc5+ 31. Kf1 Qd4 32. g3 Qa1+ 33. Kg2 Rd1 34. Rf2 Qd4 35. Qf3 Kg7 36. Re2 a5 37. Qe3 Qxe3 38. Rxe3 Rd2+ 39. Kf3 Rxa2 40. Rd3 Rc2 41. h4 a4 42. bxa4 Rxc4 43. Rb3 1/2-1/2

[Event "Unna op"]
[Site "Unna"]
[Date "2003.12.27"]
[Round "1"]
[White "Mir Wais, Milod"]
[Black "Tkachuk, Sergey Anatolyevich"]
[Result "0-1"]
[WhiteElo "1732"]
[BlackElo "2153"]
[PlyCount "82"]
[EventDate "2003.12.27"]
[EventType "swiss"]
[EventRounds "7"]
[EventCountry "GER"]
[SourceTitle "CBM 097 Extra"]
[Source "ChessBase"]
[SourceDate "2004.01.13"]
[SourceVersion "1"]
[SourceVersionDate "2004.01.13"]
[SourceQuality "1"]

1. e4 c5 2. Nf3 d6 3. d4 cxd4 4. Nxd4 Nf6 5. Nc3 g6 6. Be3 Bg7 7. f3 0-0 8. Qd2 Nc6 9. 0-0-0 d5 10. Bb5 Nxd4 11. Qxd4 e6 12. e5 Nd7 13. Bf4 a6 14. Bf1 Qc7 15. Re1 b5 16. g4 Bb7 17. h4 Qa5 18. a3 Qb6 19. Ne2 Rac8 20. Qxb6 Nxb6 21. Nd4 Nc4 22. Bd3 Rc7 23. h5 Rfc8 24. Rh2 Na5 25. Kb1 Nc6 26. c3 Rd7 27. Rhe2 Bf8 28. b4 Nxd4 29. cxd4 Rc3 30. Rd1 Rxa3 31. Rb2 Rc7 32. Be2 Rc4 33. Bxc4 dxc4 34. Ra2 Rxf3 35. Bd2 c3 36. Bg5 Bxb4 37. Bh6 Be7 38. Re1 b4 39. Ra4 Rg3 40. Kc2 Rxg4 41. Kb3 Rh4 0-1

[Event "Ruhrgebiet VL2 0304"]
[Site "Ruhrgebiet"]
[Date "2003.11.09"]
[Round "3.8"]
[White "Schuetze, Andre"]
[Black "Tkachuk, Sergey Anatolyevich"]
[Result "0-1"]
[WhiteElo "1898"]
[BlackElo "2149"]
[PlyCount "58"]
[EventDate "2003.09.28"]
[EventType "team"]
[EventRounds "9"]
[EventCountry "GER"]
[SourceTitle "EXT 2007"]
[Source "ChessBase"]
[SourceDate "2006.11.23"]
[SourceVersion "1"]
[SourceVersionDate "2006.11.23"]
[SourceQuality "1"]
[WhiteTeam "Horst"]
[BlackTeam "Berghofen Wambel"]
[WhiteTeamCountry "GER"]
[BlackTeamCountry "GER"]

1. c4 Nf6 2. Nf3 g6 3. g3 Bg7 4. Bg2 0-0 5. 0-0 d6 6. Nc3 c6 7. d4 Nbd7 8. e4 e5 9. h3 Re8 10. d5 Nc5 11. Re1 a5 12. Rb1 h6 13. a3 a4 14. Qc2 cxd5 15. cxd5 Bd7 16. Be3 Rc8 17. Nd2 b5 18. Kh2 Kh7 19. f4 Qa5 20. fxe5 dxe5 21. b4 axb3 22. Nxb3 Nxb3 23. Rxb3 Rc4 24. Rc1 Rec8 25. Qb2 Bf8 26. Bf1 R4c7 27. Bxb5 Bxb5 28. Rxb5 Qxa3 29. Qf2 Rxc3 0-1

[Event "Muensterland op 21st"]
[Site "Senden"]
[Date "2003.10.24"]
[Round "9"]
[White "Felczer, Kevin"]
[Black "Tkachuk, Sergey Anatolyevich"]
[Result "1/2-1/2"]
[WhiteElo "2223"]
[BlackElo "2181"]
[PlyCount "39"]
[EventDate "2003.10.17"]
[EventType "swiss"]
[EventRounds "9"]
[EventCountry "GER"]
[SourceTitle "EXT 2004"]
[Source "ChessBase"]
[SourceDate "2003.11.25"]
[SourceVersion "1"]
[SourceVersionDate "2003.11.25"]
[SourceQuality "1"]

1. e4 c5 2. c3 d5 3. exd5 Qxd5 4. d4 Nf6 5. Nf3 Bg4 6. Be2 e6 7. 0-0 Nc6 8. h3 Bh5 9. Be3 cxd4 10. cxd4 Be7 11. Nc3 Qd8 12. Qb3 Qb6 13. Qxb6 axb6 14. g4 Bg6 15. Ne5 0-0 16. Nxg6 hxg6 17. Bf3 Rfd8 18. Rfd1 Nd5 19. Nxd5 exd5 20. a3 1/2-1/2